000 01294cam a2200133 4500500
005 20260405041717.0
041 _afre
042 _adc
100 1 0 _aDupeu, Jean-Marc
_eauthor
245 0 0 _aL'intérêt du psychodrame analytique : Contribution à une métapsychologie de la technique analytique I
260 _bPresses Universitaires de France,
_c2005.
520 _aLa réalisation de ce volume s’est faite à partir de différentes conférences et publications étalées sur une dizaine d’années et visant à éclairer l’intérêt, tant pratique que métapsychologique, de ce dispositif psychanalytique particulier qu’est le psychodrame analytique, qui a depuis plusieurs années, en particulier en France, acquis ses lettres de noblesse en psychanalyse. Si le psychodrame analytique n’est que l’une des propositions alternatives au cadre classique, celui-ci s’est révélée être l’une des propositions les plus fécondes pour peser les termes et les enjeux de la question des variations du cadre analytique en fonction des organisations psychopathologiques. C’est la conviction majeure de l’auteur qu’il défend dans cet ouvrage.
856 4 1 _uhttps://shs.cairn.info/l-interet-du-psychodrame-analytique--9782130547419?lang=fr&redirect-ssocas=7080
999 _c2171646
_d2171646